|
|
|
|
| LEADER |
00000nam a2200000 4500 |
| 008 |
160511b2011 mx a|||| |||| 00| | spa d |
| 020 |
|
|
|a 9786074716214
|
| 090 |
|
|
|a 06.02.01
|b 2331
|
| 100 |
1 |
|
|9 1723
|a Mena Edwards, Isidora
|
| 245 |
1 |
0 |
|a Cada quien pone su parte: conflictos en la escuela /
|c Isidora Mena Edwards, Paulina Jáuregui Tobar, Alejandra Moreno Chaux, con prólogo de Neva Milicic Müller
|
| 260 |
|
|
|a México :
|b SM de ediciones,
|c 2011
|
| 300 |
|
|
|a 127 páginas;
|b ilustraciones
|
| 490 |
|
|
|a Somos maestros. Convivencia escolar
|
| 650 |
1 |
4 |
|9 691
|a CONVIVENCIA ESCOLAR
|
| 650 |
1 |
4 |
|9 726
|a EDUCACIÓN PARA LA PAZ
|
| 650 |
|
0 |
|9 553
|a VIOLENCIA ESCOLAR
|
| 650 |
1 |
4 |
|9 692
|a SOLUCIÓN DE CONFLICTOS
|
| 700 |
1 |
|
|9 1724
|a Jáuregui Tobar, Paulina
|
| 700 |
1 |
|
|9 1725
|a Moreno Chaux, Alejandra
|
| 942 |
|
|
|i 004154
|h 06.02.01 2331
|2 z
|c 01
|
| 999 |
|
|
|c 3216
|d 3216
|